000 00828nam a2200205Ii 4500
003 JO-AjNU
008 230605s9999||||xx |||||||||||||| ||und||
017 _a1345
040 _aJO-AjNU
_bara
_erda
_cJO-AjNU
041 _aara
050 1 4 _aHV40.D3752 1982
100 3 _aتأليف: شهاب، بهيجة احمد,
_eauthor
_957135
245 0 0 _aالمدخل الى الخدمة الاجتماعية للصفوف الاولى قسم الاجتماع=Introduction to social work
264 3 1 _aبغداد: وزارة التعليم العالي والبحث العلمي، 1982
300 _a1275ص
_bيحتوي ببلوغرافية من ص 1234-1275ص
336 _atext
_btxt
_2rdacontent
337 _aunmediated
_bn
_2rdamedia
338 _avolume
_bnc
_2rdacarrier
650 4 _aالخدمات الاجتماعية
_957136
999 _aA25585
_c29153
_d29153